Harry Potter: les Miroirs à Double Sens - Statistiques

Statistiques générales
  • Ce quiz a été pris 29 fois
  • Le résultat moyen est 6 sur 7
Statistiques - réponses
Information Réponses % Correct
Propriétaire connu Harry Potter
96%
Dernière apparition Harry Potter et les Reliques de la Mort
96%
Propriétaire connu Sirius Black
92%
Propriétaire connu Abelforth Dumbledore
88%
Première apparition Harry Potter et l'Ordre du Phénix
88%
Utilisation Communiquer à distance
60%
Propriétaire connu James Potter
52%
Aucun quiz correspondant
Distribution des résultats
% des personnes avec chaque résultat
Percentile par nombre de réponses
Votre historique - résultats
Vous n’avez pas pris ce quiz